Optimización del Acueducto de Liberia
Guardat en:
| Autor principal: | |
|---|---|
| Altres autors: | |
| Format: | Llibre |
| Publicat: |
San José, Costa Rica
1999
|
| Matèries: | |
| Etiquetes: |
Afegir etiqueta
Sense etiquetes, Sigues el primer a etiquetar aquest registre!
|
MARC
| LEADER | 00000nam a2200000Ia 4500 | ||
|---|---|---|---|
| 003 | 008454 | ||
| 005 | 20240809134045.0 | ||
| 008 | 140114s1999 cr a m 000 ||s d | ||
| 040 | |c cru CEDI | ||
| 090 | |a TFG 4104 | ||
| 100 | |a Atan Chan, Ileana, 1974- |9 3511 | ||
| 245 | |a Optimización del Acueducto de Liberia | ||
| 260 | |a San José, Costa Rica |c 1999 | ||
| 300 | |a 92, [90] hojas : ilustraciones (algunas a color) + 1 disco compacto | ||
| 500 | |a Proyecto de graduación (licenciatura en ingeniería civil)--Universidad de Costa Rica. Facultad de Ingeniería. Escuela de Ingeniería civil. Departamento de Hidráulica y Ambiental | ||
| 501 | |a Director de Proyecto de Graduación: Ing. Jorge Luis Dubon | ||
| 650 | |x ACUEDUCTO DE LIBERIA |x SUMINISTRO DE AGUA |x CONTROL DE CALIDAD |x CONTAMINACION DEL AGUA |9 8357 | ||
| 700 | |a Jorge Luis Dubón Fernández, 1939-2017- |d Director del TFG |9 3502 | ||
| 942 | |c TFG |h TFG 4104 |i 008454 |6 TFG_4104_008454000000000 | ||
| 999 | |c 18355 |d 18355 | ||
